000 00561nam a2200181 i 4500
001 56528
003 ES-MaACL
005 20230906163407.0
007 t|
008 031009s1944 mx ||||1| spa d
100 1 _aDilthey, Wilhelm.
_944818
245 1 3 _aEl mundo histórico /
_cWilhelm Dilthey ; versión, prólogo y notas de Eugenio Imaz.
250 _a[1ª ed. en español].
260 _aMéxico :
_bFondo de Cultura Económica,
_c1944.
300 _aXXVIII, 430 p. ;
_c24 cm.
700 1 _aImaz, Eugenio.
_965203
852 _aES-MaACL
_jC-5314
_bR.25515
999 _c56528
_d56528